Hrafnkels saga Freysgoa /

Bibliographic Details
Uniform Title:Hrafnkels saga Freysgoa.
Other Authors: Cawley, F. Stanton (Frank Stanton)
Format: Book
Language:English
Icelandic
Published: Cambridge, Mass. : Harvard University Press, 1932.
Subjects:

MARC

Tag First Indicator Second Indicator Subfields
LEADER 00000cam a2200000 4500
001 in00000030646
005 20151007062953.0
008 761222s1932 maubfh b 00010 eng
010 |a  32001672  
035 |a (OCoLC)02640505 
035 |9 AAD6227AM 
040 |a DLC  |c LLU  |d TXA  |d UtOrBLW 
041 1 |a eng  |a ice 
049 |a TXAM  |c [122420] 
050 0 0 |a PT7269.H7  |b C3 
092 |a 839.6  |b H873 
130 0 |a Hrafnkels saga Freysgoa. 
245 1 0 |a Hrafnkels saga Freysgoa /  |c edited with introduction and glossary by Frank Stanton Cawley. 
264 1 |a Cambridge, Mass. :  |b Harvard University Press,  |c 1932. 
300 |a L, 82 pages :  |b frontispiece, plate, folded map, folded facsimiles ;  |c 21 cm. 
336 |a text  |b txt  |2 rdacontent 
337 |a unmediated  |b n  |2 rdamedia 
338 |a volume  |b nc  |2 rdacarrier 
504 |a "Editions and translations": pages xlvi-xlvii. 
600 0 0 |a Hrafnkell Hallfrearson Freysgoi,  |d fl. 920-952. 
700 1 |a Cawley, F. Stanton  |q (Frank Stanton) 
999 |a MARS 
999 f f |s 616dbf29-3cc4-37f3-bda6-361fc43aaf99  |i 60ded42b-a7c4-3acc-9070-f0297def68ba  |t 0 
952 f f |p ric  |a Texas A&M University  |b Rellis Campus  |c Joint Library Facility  |d Remote Storage  |t 0  |e PT7269.H7 C3  |h Library of Congress classification  |i unmediated -- volume  |m A14801360191 
998 f f |a PT7269.H7 C3  |t 0  |l Remote Storage